000 02242cam a22005054i 4500
003 PE-LiUPU
005 20250731173420.0
008 150706s2006 mou rb 000 0 spa d
020 _a9780758610140
035 _a(Sirsi) i9780758610140
040 _aPE-LiUPU
_bspa
_cPE-LiUPU
_erda
049 _aPRUA
082 0 4 _a226.2
_bS27
_221
100 1 _aScaer, David P.,
_eautor.
245 1 0 _aMateo enseña a la iglesia :
_bestructura teológica del primer evangelio /
_cDavi P. Scaer; traducido por Dr. Erich Sexauer.
264 1 _aSt. Louis :
_bEditorial Concordia,
_c2006.
300 _a485 páginas ;
_c24 centímetros
336 _atext
_2rdacontent
337 _aunmediated
_2rdamedia
338 _avolume
_2rdacarrier
504 _aIncluye bibliografía.
505 0 _aMateo como catequista, biógrafo y apologista -- El evangelio de Mateo como escritura -- El desarrollo del bautismo en el evangelio de Mateo -- El desarrollo de la eucaristía en el evangelio de Mateo -- El desarrollo del tema de la trinidad en el evangelio de Mateo -- El primer discurso -- Justicia en el evangelio de Mateo -- El segundo discurso -- El tercer discurso -- El cuarto discurso -- El quinto discurso -- Muerte y resurrección como conclusión apocalíptica de la catequesis.
526 _aSEG42
526 _aSEG41
526 _aSEG40
526 _aSEG39
526 _aP94
526 _aP87
526 _aP86
526 _aP85
526 _aP77
526 _aP76
526 _aP35
541 _g001-0000583;
630 _aBiblia.
_pN.T.
_pMateo
_xCrítica, interpretación, etc.
630 _aBiblia.
_pN.T.
_pMateo
_xTeología.
700 1 _aSexauer, Erich,
_etraductor.
700 1 _aHoppe, Héctor,
_eeditor.
910 _agl
_cjck
_d20120610
942 _2ddc
_cBOOK
949 _a226.2 S27
_wDEWEY
_c1
_i64925
_lCCODEBUL1
_mBUL
_p27.00
_r0
_sY
_tBOOK
_u2015-7-6
_xTEOLOGIA
_PP35
_o.STAFF. Colección General
994 _aC0
_bPEPRU
596 _a1
999 _a226.2 S27
_wDEWEY
_c53633
_i64925
_d53633
_e2017-5-14
_f2021-11-9
_g5
_lCCODEBUL1
_mBUL
_n1
_p27.00
_q3
_r0
_sY
_tBOOK
_u2015-7-6
_xTEOLOGIA
_PP35
_0COMPRA
_o.STAFF. Colección Teología
980 _81
_gALBERTO SANCHEZ Responsable de Automatización